Structured conceptual design : The new frontier
Na minha lista:
| Autor principal: | |
|---|---|
| Formato: | Livro |
| Idioma: | Undetermined |
| Publicado em: |
Upper Saddle River, NJ.
Pearson / Prentice Hall
2004
|
| Assuntos: | |
| Tags: |
Adicionar Tag
Sem tags, seja o primeiro a adicionar uma tag!
|
| Thư viện lưu trữ: | Trung tâm Học liệu Trường Đại học Cần Thơ |
|---|
| LEADER | 00549nam a2200205Ia 4500 | ||
|---|---|---|---|
| 001 | CTU_117274 | ||
| 008 | 210402s9999 xx 000 0 und d | ||
| 020 | |c 26.66 | ||
| 082 | |a 620.0042 | ||
| 082 | |b L549 | ||
| 100 | |a Lemass, Brett | ||
| 245 | 0 | |a Structured conceptual design : | |
| 245 | 4 | |b The new frontier | |
| 245 | 0 | |c Brett Lemass | |
| 260 | |a Upper Saddle River, NJ. | ||
| 260 | |b Pearson / Prentice Hall | ||
| 260 | |c 2004 | ||
| 650 | |a Engineering design | ||
| 904 | |i Minh | ||
| 980 | |a Trung tâm Học liệu Trường Đại học Cần Thơ | ||